000 00333nam a2200145Ia 4500
005 20251222143121.0
008 251222s9999||||xx |||||||||||||| ||spa||
020 _a9786071102775
082 _a813.6/P34/2009
100 _aPearl, Mathew
245 0 _aEl Ăšltimo Dickens
250 _a1ra.ed.
264 _bAlfaguara
942 _cLIB
999 _c11537
_d11537